000 00344nam a2200169Ia 4500
100 _aFarrell/Joyce
650 _aJava
942 _cBK
366 _f25
654 _ajava
245 _aJava for begineers
260 _bCengage Learning
_c2008
082 _a005.133J
_bFAR
300 _a557
546 _aENGLISH
_cPAMPHALETS
999 _c29163
_d29163